Lahore (Record no. 55638)
[ view plain ]
| 000 -LEADER | |
|---|---|
| fixed length control field | 03005nam a22005057a 4500 |
| 003 - CONTROL NUMBER IDENTIFIER | |
| control field | dpl |
| 005 - DATE AND TIME OF LATEST TRANSACTION | |
| control field | 2008092907507.0 |
| 007 - PHYSICAL DESCRIPTION FIXED FIELD--GENERAL INFORMATION | |
| fixed length control field | DVD |
| 008 - FIXED-LENGTH DATA ELEMENTS--GENERAL INFORMATION | |
| fixed length control field | 080917t xxu||||| |||| 00| 0 eng d |
| 010 ## - LIBRARY OF CONGRESS CONTROL NUMBER | |
| LC control number | DVD-007540-548 |
| 024 ## - OTHER STANDARD IDENTIFIER | |
| Source of number or code | DHIF 2283S |
| Terms of availability | 149.00 |
| 035 ## - SYSTEM CONTROL NUMBER | |
| System control number | DVD-007540-548 |
| 035 ## - SYSTEM CONTROL NUMBER | |
| System control number | DVD-004656-4661 |
| 037 ## - SOURCE OF ACQUISITION | |
| Source of stock number/acquisition | Pioneer Office Automation |
| 040 ## - CATALOGING SOURCE | |
| Original cataloging agency | DPL |
| Transcribing agency | DPL |
| 082 ## - DEWEY DECIMAL CLASSIFICATION NUMBER | |
| Classification number | DVD / LAHO |
| 245 ## - TITLE STATEMENT | |
| Title | Lahore |
| Statement of responsibility, etc | A Sanjay Puran Singh Films |
| Medium | [Videorecording] DVD / |
| Remainder of title | beyond borders, between nations lies a battle to end all wars |
| 260 ## - PUBLICATION, DISTRIBUTION, ETC. (IMPRINT) | |
| Place of publication, distribution, etc | New Delhi |
| Name of publisher, distributor, etc | Moser Baer India Ltd. |
| Date of publication, distribution, etc | 2010 |
| 300 ## - PHYSICAL DESCRIPTION | |
| Extent | 1 Videodisc DVD: |
| Other physical details | sd., col.; |
| Dimensions | 4 3/4 in. |
| Type of unit | DVD |
| 440 ## - SERIES STATEMENT/ADDED ENTRY--TITLE | |
| Title | Moser Baer India Ltd. |
| 9 (RLIN) | 33092 |
| 538 ## - SYSTEM DETAILS NOTE | |
| System details note | Lanuage, Hindi; Subtitle, English, |
| 538 ## - SYSTEM DETAILS NOTE | |
| System details note | English Subtitles; |
| 538 ## - SYSTEM DETAILS NOTE | |
| System details note | DVD players, 5.1 Digital sound; ; NTSC All Region |
| 650 ## - SUBJECT ADDED ENTRY--TOPICAL TERM | |
| Topical term or geographic name as entry element | Motion Picture |
| 9 (RLIN) | 33093 |
| 700 ## - ADDED ENTRY--PERSONAL NAME | |
| Personal name | Aanahad |
| 9 (RLIN) | 33094 |
| 700 ## - ADDED ENTRY--PERSONAL NAME | |
| Personal name | Farougue Shaikh |
| 9 (RLIN) | 33095 |
| 700 ## - ADDED ENTRY--PERSONAL NAME | |
| Personal name | Sushant Singh |
| 9 (RLIN) | 33096 |
| 700 ## - ADDED ENTRY--PERSONAL NAME | |
| Personal name | Nirmal Pandey |
| 9 (RLIN) | 33097 |
| 700 ## - ADDED ENTRY--PERSONAL NAME | |
| Personal name | Ashish Vidyarthi |
| 9 (RLIN) | 33098 |
| 700 ## - ADDED ENTRY--PERSONAL NAME | |
| Personal name | Dorji, Keely |
| 9 (RLIN) | 33099 |
| 700 ## - ADDED ENTRY--PERSONAL NAME | |
| Personal name | Ali, Nafisa |
| 9 (RLIN) | 33100 |
| 700 ## - ADDED ENTRY--PERSONAL NAME | |
| Personal name | Mukesh Rishi |
| 9 (RLIN) | 33101 |
| 700 ## - ADDED ENTRY--PERSONAL NAME | |
| Personal name | Khatkar, Vivek |
| 9 (RLIN) | 33105 |
| 942 ## - ADDED ENTRY ELEMENTS (KOHA) | |
| Source of classification or shelving scheme | Dewey Decimal Classification |
| Koha item type | CD-ROMs, DVDs, VHS |
| Classification part | DVD |
| Call number suffix | LAHO |
| Withdrawn status | Lost status | Source of classification or shelving scheme | Damaged status | Not for loan | Collection code | Home library | Current library | Date acquired | Source of acquisition | Cost, normal purchase price | Total Checkouts | Full call number | Barcode | Date last seen | Date checked out | Copy number | Cost, replacement price | Price effective from | Koha item type | Total Renewals |
|---|---|---|---|---|---|---|---|---|---|---|---|---|---|---|---|---|---|---|---|---|
| Dewey Decimal Classification | Fiction | Central Library | Central Library | 18/08/2011 | pioneer/1226/28.3.11 | 149.00 | 10 | DVD LAHO | DVD-007540 | 20/09/2013 | 07/09/2013 | 1 | 149.00 | 18/08/2011 | CD-ROMs, DVDs, VHS | |||||
| Dewey Decimal Classification | Fiction | Janak Puri | Janak Puri | 18/08/2011 | pioneer/1226/28.3.11 | 149.00 | 11 | DVD LAHO | DVD-007542 | 27/04/2013 | 20/04/2013 | 1 | 149.00 | 18/08/2011 | CD-ROMs, DVDs, VHS | 2 | ||||
| Dewey Decimal Classification | Fiction | Karol Bagh | Karol Bagh | 18/08/2011 | pioneer/1226/28.3.11 | 149.00 | 7 | DVD LAHO | DVD-007546 | 02/12/2014 | 17/11/2014 | 1 | 149.00 | 18/08/2011 | CD-ROMs, DVDs, VHS | |||||
| Dewey Decimal Classification | Fiction | Narela | Narela | 18/08/2011 | pioneer/1226/28.3.11 | 149.00 | 3 | DVD LAHO | DVD-007547 | 24/05/2014 | 17/05/2014 | 1 | 149.00 | 18/08/2011 | CD-ROMs, DVDs, VHS | |||||
| Dewey Decimal Classification | Fiction | Patel Nagar | Patel Nagar | 18/08/2011 | pioneer/1226/28.3.11 | 149.00 | 11 | DVD LAHO | DVD-007541 | 23/07/2015 | 14/08/2013 | 1 | 149.00 | 18/08/2011 | CD-ROMs, DVDs, VHS | 1 | ||||
| Dewey Decimal Classification | Fiction | R.K.Puram-8 | R.K.Puram-8 | 18/08/2011 | pioneer/1226/28.3.11 | 149.00 | 2 | DVD LAHO | DVD-007544 | 19/03/2014 | 15/03/2014 | 1 | 149.00 | 18/08/2011 | CD-ROMs, DVDs, VHS | |||||
| Dewey Decimal Classification | Fiction | Sarojini Nagar | Sarojini Nagar | 18/08/2011 | pioneer/1226/28.3.11 | 149.00 | 21 | DVD LAHO | DVD-007543 | 20/08/2015 | 20/08/2015 | 1 | 149.00 | 18/08/2011 | CD-ROMs, DVDs, VHS | 1 | ||||
| Dewey Decimal Classification | Fiction | Shahdara Branch | Shahdara Branch | 18/08/2011 | pioneer/1226/28.3.11 | 149.00 | DVD LAHO | DVD-007548 | 18/08/2011 | 1 | 149.00 | 18/08/2011 | CD-ROMs, DVDs, VHS | |||||||
| Dewey Decimal Classification | Fiction | Vinoba Puri | Vinoba Puri | 18/08/2011 | pioneer/1226/28.3.11 | 149.00 | 6 | DVD LAHO | DVD-007545 | 25/08/2015 | 22/08/2015 | 1 | 149.00 | 18/08/2011 | CD-ROMs, DVDs, VHS |
